Conflictos armados internos y aplicabilidad del Derecho Internacional humanitario

Bibliographic Details
Main Author: Güell Peris,Sonia
Format: Unknown
Language:Spanish
Published: Madrid: Bosch, 1999
Subjects:
Online Access:Acceso restringido

MARC

LEADER 00000ny a22000003n 4500
005 20110614121913.0
008 080508t2005 sp s 000 0 spa c
020 |a 8497727991 
035 |a 1381 
040 |a UMA.RE  |d vLex 
080 |a 341.231(0.034) 
080 |a 341.3(0.034) 
090 |c 657  |d 657 
100 1 |a Güell Peris,Sonia 
245 1 0 |a Conflictos armados internos y aplicabilidad del Derecho Internacional humanitario  |h [Recurso electrn̤ico]  |c Sonia Güell Peris 
256 |a Servicio en ln̕ea 
260 |a Madrid:  |b Bosch,  |c 1999 
506 1 |a Contenido solo disponible en los productos indicados  |d vLex Global  |d vLex Global (Academic Edition, excluding Law Schools)  |d vLex Global (U.S. Academic Edition, Law Schools)  |d vLex Global (U.S. Academic Edition, excluding Law Schools)  |d vLex Global (Academic Edition, Law Schools) 
650 0 7 |a Derecho internacional  |2 Tesauro vLex 
650 0 7 |a Civil  |2 Tesauro vLex 
650 0 7 |a Constitucional  |2 Tesauro vLex 
650 0 7 |a Derechos humanos  |2 Tesauro vLex 
740 0 |a vLex Libros (Servicios en ln̕ea) 
856 4 0 |u http://vlex.com/source/1381  |z Acceso restringido 
942 |c BOOK 
999 0 |a International Law   |b Madrid